[Event "SCG-chT"]
[Site "Budva"]
[Date "2003.??.??"]
[Round "8.56"]
[White "Djukic, Nikola"]
[Black "Todorovic, Ranko"]
[Result "1-0"]
[WhiteElo "2396"]
[BlackElo "2070"]
[PlyCount "35"]
[EventDate "2003.09.??"]
[EventType "team"]
[EventRounds "11"]
[EventCountry "YUG"]
[SourceTitle "CBM 096 Extra"]
[Source "ChessBase"]
[SourceDate "2003.10.22"]
[SourceVersion "2"]
[SourceVersionDate "2003.10.20"]
[SourceQuality "1"]

1. e4 d6 2. d4 Nf6 3. Nc3 g6 4. Bg5 Bg7 5. Qd2 h6 6. Bh4 c6 7. f4 Qa5 8. Bd3 Nbd7 9. Nf3 a6 10. e5 dxe5 11. fxe5 Nd5 12. e6 fxe6 13. Bxg6+ Kd8 14. 0-0 Nxc3 15. bxc3 Bf6 16. Ne5 Bxe5 17. dxe5 Qd5 18. Rad1 1-0

[Event "SCG-chT"]
[Site "Budva"]
[Date "2003.??.??"]
[Round "3.26"]
[White "Pavlovic, Milos"]
[Black "Todorovic, Ranko"]
[Result "1-0"]
[WhiteElo "2569"]
[BlackElo "2070"]
[PlyCount "33"]
[EventDate "2003.09.??"]
[EventType "team"]
[EventRounds "11"]
[EventCountry "YUG"]
[SourceTitle "CBM 096 Extra"]
[Source "ChessBase"]
[SourceDate "2003.10.22"]
[SourceVersion "2"]
[SourceVersionDate "2003.10.20"]
[SourceQuality "1"]

1. Nf3 Nf6 2. c4 g6 3. b3 Bg7 4. Bb2 0-0 5. g3 d6 6. d4 c5 7. Bg2 Qa5+ 8. Bc3 Qc7 9. 0-0 cxd4 10. Nxd4 Nc6 11. e3 a6 12. Bb2 Rb8 13. Nc3 Nxd4 14. Qxd4 Nd7 15. Qxg7+ Kxg7 16. Nd5+ Nf6 17. Bxf6+ 1-0

[Event "SCG-chT"]
[Site "Budva"]
[Date "2003.??.??"]
[Round "6.65"]
[White "Todorovic, Ranko"]
[Black "Vojinovic, Goran"]
[Result "1/2-1/2"]
[WhiteElo "2070"]
[BlackElo "2471"]
[PlyCount "74"]
[EventDate "2003.09.??"]
[EventType "team"]
[EventRounds "11"]
[EventCountry "YUG"]
[SourceTitle "CBM 096 Extra"]
[Source "ChessBase"]
[SourceDate "2003.10.22"]
[SourceVersion "2"]
[SourceVersionDate "2003.10.20"]
[SourceQuality "1"]

1. e4 c5 2. Nf3 e6 3. d3 d5 4. Nbd2 Nc6 5. g3 Bd6 6. Bg2 Nge7 7. 0-0 Bc7 8. Re1 b6 9. c3 0-0 10. Nf1 Rb8 11. h4 d4 12. N1h2 dxc3 13. bxc3 e5 14. Be3 Ba6 15. d4 cxd4 16. cxd4 exd4 17. Nxd4 Nxd4 18. Bxd4 Nc6 19. Bc3 Qxd1 20. Rexd1 Rfd8 21. Nf1 Bd6 22. Ne3 Bc5 23. Nf5 f6 24. Bf1 Bxf1 25. Kxf1 h5 26. Ke2 Kf7 27. f3 Rbc8 28. Rxd8 Rxd8 29. Ne3 Nd4+ 30. Bxd4 Rxd4 31. Rd1 Ra4 32. Rd2 Bxe3 33. Kxe3 Ke6 34. g4 Ra5 35. Kf4 hxg4 36. Kxg4 Rc5 37. Kf4 b5 1/2-1/2